Datum a čas kvízu

22.5 Celkem bodů Celkový počet nahraných bodů na tomto kvízu bez doplňovacích otázek.
10. Pořadí na kvízu Konečné umístění týmu na tomto kvízu.

Zaznamenané odpovědi

# Otázka Odpověď Body Výsledky
-14. Jak se jmenuje hejtman, který... Jan Krkoška, Moravskoslezský kraj 0.5
-13. Historicky prvním premiérem ev... Wales 0
-12. Streetartový umělec Banksy se... strom 0
-11. Český statistický úřad zveřejn... C) hlávkové zelí 0
-10. Ester Ledecká si k sobotním n... 29. narozeniny (28. a 30. za půl bodu) 0.5
-14. NATO je mezinárodní vojenská a... 1949, Brusel 0.5
-13. Napište celý čtyřslovný anglic... North Atlantic Treaty Organisation / Organizace Severoatlantické smlouvy 1
-12. Jak se jmenuje současný generá... Jens Stoltenberg 0
-11. Článek 5 Smlouvy o NATO říká,... v roce 2001 1
-10. Čtyři země Evropské unie nejso... Rakousko 0